000 01073cam a2200301 a 4500
001 2719
005 20240111094709.0
020 _a0374339848
020 _a9780439099042
040 _aDLC
_cDLC
_dDLC
_dOCoLC
_dDLC
_beng
050 0 0 _aPZ7.W7548
_bKat 1998
082 0 0 _a813
_221
100 1 _aWinter, Kathryn
245 1 0 _aKatarĂ­na :
_ba novel /
_cKathryn Winter
250 _aFirst Scholastic trade paperback printing, October 1999
260 _aNew York :
_bFarrar Straus Giroux,
_c1998
300 _a255 pages ;
_c22 cm
505 _aM
520 _aDuring World War II in Slovakia, a young Jewish girl in hiding becomes a devout Catholic and is sustained by her belief that she will return home to her family as soon as the war ends.
521 _a660
_bLexile
521 _aM
_bRaz-Plus
650 0 _aWorld War, 1939-1945
_zSlovakia
_xJuvenile fiction.
650 1 _aWorld War, 1939-1945
_zSlovakia
_xFiction.
650 1 _aJews
_zSlovakia
_xFiction.
650 1 _aOrphans
_xFiction.
906 _a7
_bcbc
_corignew
_d1
_eocip
_f19
_gy-gencatlg
942 _2ddc
_cBK
_n0
999 _c2719
_d2719